|
|
|
|
| LEADER |
00000nam a2200000 a 4500 |
| 001 |
vtls001058023 |
| 003 |
SK-MaSNL |
| 005 |
20260301110623.0 |
| 008 |
240314s1929 xx 0 ger |
| 035 |
|
|
|a SNK000000834
|
| 040 |
|
|
|a SNK
|b slo
|c SNK
|e AACR2
|
| 041 |
0 |
|
|a ger
|
| 044 |
|
|
|a xx
|
| 100 |
1 |
|
|a Adamovich, Ludwig
|4 aut
|9 448992
|
| 245 |
1 |
0 |
|a Grundriss des tschechoslowakischen Staatsrechts
|c Ludwig Adamovich
|
| 260 |
|
|
|a Wien
|b Osterr. Staatsdruckerei
|c 1929
|
| 300 |
|
|
|a 16, 517, [3] s.
|c 8°
|
| 958 |
|
|
|a RK
|
| 999 |
|
|
|c 703613
|d 705543
|
| 952 |
|
|
|t P60, <04>, [BOOK], {604}
|a SNK
|b SNK
|y VYP
|7 0
|o snkIC 14536
|i snk3722/56
|0 0
|1 0
|4 0
|d 1995-03-20
|l 0
|r 2004-12-31 00:00:00
|w 2026-02-23
|
| 952 |
|
|
|t P60, <04>, [BOOK], {604}
|a SNK
|b SNK
|y VYP
|7 0
|o snkIC 14536 D1
|i snkV 173/62
|0 0
|1 0
|4 0
|d 1995-03-20
|l 0
|r 2004-12-31 00:00:00
|w 2026-02-23
|